Architekt Pavol Repka

Salvato in:
Dettagli Bibliografici
Autore principale: Gál, Peter, 1942- (Autore)
Natura: Libro
Lingua:slovacco
Pubblicazione: Bratislava : Meritum, 1995
Soggetti:
Tags: Aggiungi Tag
Nessun Tag, puoi essere il primo ad aggiungerne!!

MARC

LEADER 00000nam a22000003a 4500
001 stu11687
005 20150617225801.7
008 951103s1995----xo------------------slo-d
040 |a STU  |b slo 
041 0 |a slo 
044 |a xo 
100 1 |a Gál, Peter,  |d 1942-  |4 aut  |u A7170  |U FAD Fakulta architektúry  |T FA Ústav krajinnej a záhradnej architektúry  |X 495  |U A7170  |Y 398  |7 A000000495 
245 1 |a Architekt Pavol Repka 
260 |a Bratislava :  |b Meritum,  |c 1995 
300 |a 36 s 
650 7 |a architekti slovenskí  |2 stusub 
996 |b 284AU02615  |c A*2720 U  |l AAKNAR  |s A  |a 24  |w stu11687_0001